So sánh hiệu quả nuôi tôm thẻ chẩn trắng và nuôi tôm sú công nghiệp tại huyện Vĩnh Châu - Long Phú tỉnh Sóc Trăng : Luận văn Thạc sĩ Kinh tế chuyên ngành Kinh tế Nông nghiệp

So sánh hiệu quả nuôi tôm thẻ chân trắng và nuôi tôm sú công nghiệp tại huyện Vĩnh Châu và huyện Long Phú, tỉnh Sóc Trăng.

Spremljeno u:
Bibliografski detalji
Glavni autor: Trần, Ngọc Tùng
Format: Knjiga
Jezik:Undetermined
Izdano: Cần Thơ Trường Đại Cần Thơ 2010
Teme:
Oznake: Dodaj oznaku
Bez oznaka, Budi prvi tko označuje ovaj zapis!
Thư viện lưu trữ: Trung tâm Học liệu Trường Đại học Cần Thơ
LEADER 01065nam a2200217Ia 4500
001 CTU_169895
008 210402s9999 xx 000 0 und d
082 |a 639.68 
082 |b T513 
088 |a 60620115 
100 |a Trần, Ngọc Tùng 
245 0 |a So sánh hiệu quả nuôi tôm thẻ chẩn trắng và nuôi tôm sú công nghiệp tại huyện Vĩnh Châu - Long Phú tỉnh Sóc Trăng : 
245 0 |b Luận văn Thạc sĩ Kinh tế chuyên ngành Kinh tế Nông nghiệp 
245 0 |c Trần Ngọc Tùng ; Dương Ngọc Thành (Hướng dẫn khoa học) 
260 |a Cần Thơ 
260 |b Trường Đại Cần Thơ 
260 |c 2010 
520 |a So sánh hiệu quả nuôi tôm thẻ chân trắng và nuôi tôm sú công nghiệp tại huyện Vĩnh Châu và huyện Long Phú, tỉnh Sóc Trăng. 
650 |a Tôm,Shrimps,Shrimp culture,Nuôi tôm 
904 |i Ánh Vân 
980 |a Trung tâm Học liệu Trường Đại học Cần Thơ